Les méchants meurent toujours à la fin / (Notice n° 18816)
[ affichage normal ]
| 000 -LEADER | |
|---|---|
| fixed length control field | 01128cam a22003018i 4500 |
| 001 - CONTROL NUMBER | |
| control field | 0008111240 |
| 003 - CONTROL NUMBER IDENTIFIER | |
| control field | OSt |
| 005 - DATE AND TIME OF LATEST TRANSACTION | |
| control field | 20260331195837.0 |
| 008 - FIXED-LENGTH DATA ELEMENTS--GENERAL INFORMATION | |
| fixed length control field | 260114s2026 quc 00 f fre |
| 020 ## - INTERNATIONAL STANDARD BOOK NUMBER | |
| International Standard Book Number | 9782760413603 |
| 040 ## - CATALOGING SOURCE | |
| Original cataloging agency | QMBN |
| Language of cataloging | fre |
| Description conventions | rda |
| Transcribing agency | QMBN |
| 050 #4 - LIBRARY OF CONGRESS CALL NUMBER | |
| Classification number | PS8626* |
| 082 04 - DEWEY DECIMAL CLASSIFICATION NUMBER | |
| Classification number | M597mmt |
| Edition number | 23/20260114 |
| 100 1# - MAIN ENTRY--PERSONAL NAME | |
| Personal name | Meunier, Hugo |
| Relator term | auteur |
| 245 14 - TITLE STATEMENT | |
| Title | Les méchants meurent toujours à la fin / |
| Statement of responsibility, etc. | Hugo Meunier |
| 263 ## - PROJECTED PUBLICATION DATE | |
| Projected publication date | 202603 |
| 264 #1 - PRODUCTION, PUBLICATION, DISTRIBUTION, MANUFACTURE, AND COPYRIGHT NOTICE | |
| Place of production, publication, distribution, manufacture | Montrǎl : |
| Name of producer, publisher, distributor, manufacturer | Stank,̌ |
| Date of production, publication, distribution, manufacture, or copyright notice | 2026 |
| 300 ## - PHYSICAL DESCRIPTION | |
| Extent | pages cm |
| 336 ## - CONTENT TYPE | |
| Content type term | texte |
| Content type code | txt |
| Source | rdacontent |
| 337 ## - MEDIA TYPE | |
| Media type term | sans mďiation |
| Media type code | n |
| Source | rdamedia |
| 338 ## - CARRIER TYPE | |
| Carrier type term | volume |
| Carrier type code | nc |
| Source | rdacarrier |
| 506 ## - RESTRICTIONS ON ACCESS NOTE | |
| Terms governing access | ---- Ce titre n'est pas encore disponible sur le march -̌--- |
| 942 ## - ADDED ENTRY ELEMENTS (KOHA) | |
| Source of classification or shelving scheme | Dewey Decimal Classification |
| Koha item type | Roman adulte |
| Withdrawn status | Lost status | Source of classification or shelving scheme | Damaged status | Not for loan | Home library | Current library | Date acquired | Total Checkouts | Full call number | Barcode | Date last seen | Price effective from | Koha item type |
|---|---|---|---|---|---|---|---|---|---|---|---|---|---|
| Dewey Decimal Classification | Bibliothèque municipale d'Henryville | Bibliothèque municipale d'Henryville | 2026-03-31 | M597mmt | 30001030052817 | 2026-03-31 | 2026-03-31 | Roman adulte |